00406nam a22001097a 4500082001200000100004700012245009000059260004200149300000800191520003800199650005900237 a542 SAF aSafty in Microbiological laboratories..... aTraining Seminar on Safty in Microbiological laboratories,a need in the new millenium aColombobInstitute of chemistryc2002 a27p aTraining Seminar February 22,2002 aseminar reportsasafty in microbiological laboratories